Principles of Statutory Interpretation: (Record no. 183407)

MARC details
000 -LEADER
fixed length control field 00566 a2200181 4500
005 - DATE AND TIME OF LATEST TRANSACTION
control field 20211224120456.0
010 ## - LCCN (DPL NO)
LC control number ENG-130597
020 ## - INTERNATIONAL STANDARD BOOK NUMBER
International Standard Book Number 978-93-91211-02-8
Terms of availability 2995.00
035 ## - SYSTEM CONTROL NUMBER
System control number EN-114129
037 ## - SOURCE OF ACQUISITION
Source of stock number/acquisition DBAD/PUB
082 ## - DEWEY DECIMAL CLASSIFICATION NUMBER
Classification number 345.40822
100 ## - MAIN ENTRY--PERSONAL NAME
Personal name Singh, G P
245 ## - TITLE STATEMENT
Title Principles of Statutory Interpretation:
Statement of responsibility, etc G P Singh
260 ## - PUBLICATION, DISTRIBUTION, ETC. (IMPRINT)
Place of publication, distribution, etc Haryana
Name of publisher, distributor, etc Lexis Nexis
Date of publication, distribution, etc 2021
270 ## - ADDRESS
Address 14th Floor, Building No. 10, Tower-B, DLF Cyber City, Phase-II
City Gurgaon
Postal code 122002
300 ## - PHYSICAL DESCRIPTION
Extent 854p.
Dimensions 24cm (hbk)
942 ## - ADDED ENTRY ELEMENTS (KOHA)
Institution code [OBSOLETE] dpl
Item type English Books
Source of classification or shelving scheme Dewey Decimal Classification
Classification part 345.40822
Call number suffix SIN
Holdings
Withdrawn status Lost status Not for loan Collection code Home library Current library Date acquired Source of acquisition Cost, normal purchase price Full call number Barcode Copy number Cost, replacement price Koha item type
      Reference Central Library Central Library 24/12/2021 DBAD/PUB 2995.00 345.40822 SIN EN-114129 1 2995.00 English Books

© Delhi Public Library
Hit Counter
free hit counter